| 000 | 00774nam a22001937a 4500 | ||
|---|---|---|---|
| 999 |
_c68003 _d68003 |
||
| 005 | 20250521123059.0 | ||
| 008 | s2555 th ||||| |||| 00| 0 tha d | ||
| 020 | _a9789742477066 | ||
| 040 | _aNALT | ||
| 050 |
_aTX 724.5.T5 _bอ677 2555 |
||
| 245 | 0 | 0 | _aอร่อยสุดๆ...เมนูภาคกลาง |
| 260 |
_aกรุงเทพฯ : _bอมรินทร์ Cuisine, _c2555. |
||
| 300 |
_a114 หน้า : _bภาพประกอบ ; _c21 ซม. |
||
| 650 | 0 |
_aการปรุงอาหาร _922723 |
|
| 650 | 4 |
_aอาหารไทย _9557 |
|
| 850 | _aNALT | ||
| 942 |
_cGB _2lcc _01 |
||
| 998 |
_j111 _k นางสาวพจพิณ พรมเอี่ยม |
||